The logical syntax of language /
Guardado en:
| Autor Principal: | |
|---|---|
| Otros Autores: | |
| Formato: | Libro |
| Idioma: | English |
| Publicado: |
London :
Routledge & Kegan Paul,
1937.
|
| Series: | International library of psychology, philosophy, and scientific method
|
| Materias: | |
| Etiquetas: |
Agregar Etiqueta
Sin Etiquetas, Sea el primero en etiquetar este registro!
|
| LEADER | 01195cam a22002775a 4500 | ||
|---|---|---|---|
| 001 | MAT.inmabb004398 | ||
| 008 | 770104s1937####enk######b####001#0#eng## | ||
| 005 | 20110225162140.0 | ||
| 245 | 1 | 4 | |a The logical syntax of language / |c by Rudolf Carnap. |
| 260 | |a London : |b Routledge & Kegan Paul, |c 1937. | ||
| 300 | |a xvi, 352 p. ; |c 23 cm. | ||
| 440 | 0 | |a International library of psychology, philosophy, and scientific method | |
| 500 | |a Traducción de: Logische Syntax der Sprache. Wien : J. Springer, 1934. | ||
| 500 | |a "Translated by Amethe Smeaton (Countess von Zeppelin)" | ||
| 500 | |a "The present English edition contains some sections which are not found in the German original."--Preface to the English ed. | ||
| 504 | |a Incluye referencias bibliográficas (p. [334]-346) e índice. | ||
| 100 | 1 | |a Carnap, Rudolf, |d 1891-1970. | |
| 240 | 1 | 0 | |a Logische Syntax der Sprache. |l Inglés |
| 700 | 1 | |a Smeaton, Amethe. |4 trl | |
| 084 | |a 03Bxx |2 msc2000 | ||
| 650 | 0 | |a Grammar, Comparative and general |x Syntax. | |
| 650 | 0 | |a Logical positivism. | |
| 650 | 0 | |a Logic, Symbolic and mathematical. | |
| 010 | |a 37007689 | ||
| 040 | |a DLC |c ScU |d ScU |d OCoLC |d DLC | ||
| 859 | |h 03 |i C288l |p A-27 |b BIB. MATEMATICA | ||
